000 02424nam0a2200457 i 4500
001 RU\NLR\BIBL_A\010201447
005 20260407120559.0
010 _a978-5-905691-68-3
_9100
021 _aRU
_b2014-145
_98
035 _a(NILC)RuMoRGB-006726915
035 _a(NLR Aleph) 010201447
090 _a10245771
_c10245771
100 _a20140307d2013 um y0rusy50 ca
101 0 _arus
102 _aRU
105 _ay z 000yy
200 1 _aСоциально-педагогические проблемы современного образования, воспитания и семьи
_f[В.И. Гасиев, В.Ч. Ревазов, И.М. Умаханова и др.
_gнауч. ред. д.ист.н., проф. Б.Г. Койбаев]
_gМ-во образования и науки РФ, "Северо-Кавказский горно-металлургический ин-т (Гос. технологический ун-т)"
210 _aВладикавказ
_cЛитера
_d2013
215 _a214 с.
_d21
300 _aАвт. указаны на обороте тит. л.
320 _aБиблиогр. в конце гл.
606 1 _aВысшее образование
_yРоссийская Федерация
_91685283
_3RU\NLR\AUTH\661047250
606 1 _aМолодежь
_xВоспитание
_yРоссийская Федерация
_92106699
_3RU\NLR\AUTH\661577168
606 1 _aОбразование
_xПсихологические вопросы
_91707403
_3RU\NLR\AUTH\661058410
606 1 _aПсихология образования
_92270806
_3RU\NLR\AUTH\6601590085
606 1 _aСемья
_xСоциально-психологические исследования
_92170312
_3RU\NLR\AUTH\661305578
686 1 _aЧ484(2Р)
686 1 _aЧ313
686 1 _aЮ940
686 1 _aЮ984.0
686 1 _aС550.537
701 1 _aГасиев
_bВ. И.
_gВиталий Ирбекович
701 1 _aРевазов
_bВ.Ч.
_gВладимир Черменович
701 1 _aУмаханова
_bИ.М.
702 1 _aКойбаев
_bБ. Г.
_gБорис Георгиевич
_4340
712 0 2 _4570
_aСеверо-Кавказский горно-металлургический институт
_cВладикавказ
_3RU\NLR\AUTH\8810069073
_9639745
801 0 _aRU
_bРГБ
_c20140124
_gRCR
942 _cBOOK
980 _aNBR